LEADER 01010nam a2200253 i 4500 001 000000156149 003 CaOOAMICUS 005 20061221000000.0 008 061221s2006 it u000 u ita u 013 $a133504 020 $a88-86590-89-X 040 $aSeMil$bita 245 10$aDemocrazia e globalizzazione. 260 $aVicenza :$bRezzara,$cCopyr. 2006. 300 $a171 p. ;$c21 cm. 500 $aContiene : Atti del 38. convegno sui problemi internazionali svoltosi a Recoaro Terme nel 2005. - Dono del Card. Dionigi Tettamanzi. 650 4$aDemocrazia e globalizzazione.$0(OLS)http://semarc/subject/30543 850 $aSeMil 852 $aSeMil$W1$xVenegono$y1$m3N IV 452$j107951$B107951$CSeMilBibl$Z2$F121360 $81 941 1 $a5 961 $aOmaggio: Tettamanzi Card. Dionigi 996 $6020$a88-86590-89-X$9(OLS)http://semarc/number/146287 996 $6245$aDemocrazia e globalizzazione$9(OLS)http://semarc/title/228848 996 $6260$aVicenza :$bRezzara$9(OLS)http://semarc/publisher/32732 LEADER 00854nab a2200133 i 4500 001 000000326130 003 CaOOAMICUS 005 20180831173516.0 008 180831n it uu u0 0ita r 013 $a37270 040 $aSeMil$bita 245 10$aViganò: «Il Papa delle carezze e del parlare chiaro». Mons. Dario Edoardo Viganò, prefetto della Segreteria per la Comunicazione della Santa Sede... ha raccontato in un recente libro, Fedeltà è cambiamento... - In [rubrica] :$bSpeciale. 773 0 $tOgni vita è vocazione. - 32 p. - Titolo dalla copertina.$gp.12-13$w()288914 996 $6245$aViganò: «Il Papa delle carezze e del parlare chiaro». Mons. Dario Edoardo Viganò, prefetto della Segreteria per la Comunicazione della Santa Sede... ha raccontato in un recente libro, Fedeltà è cambiamento... - In [rubrica] :$bSpeciale.$9(OLS)http://semarc/title/399239